Normal view
MARC view
- Supervisor: Dr. Tanweer Ul Islam
Entry Personal Name
001 - CONTROL NUMBER
- control field: 114392
003 - CONTROL NUMBER IDENTIFIER
- control field: NUST
005 - DATE AND TIME OF LATEST TRANSACTION
- control field: 20230904090457.0
008 - FIXED-LENGTH DATA ELEMENTS
- fixed length control field: 230904|| aca||aabn | a|a d
040 ## - CATALOGING SOURCE
- Original cataloging agency: NUST
- Transcribing agency: NUST
100 ## - HEADING--PERSONAL NAME
- Personal name: Supervisor: Dr. Tanweer Ul Islam
670 ## - SOURCE DATA FOUND
- Source citation: Work cat.: (NUST): Khair, Bibi 114390, Investigating the Economic Impact of Ibex Trophy Hunting: A Case Study of Upper Hunza
